Monachomachia /

Na minha lista:
Detalhes bibliográficos
Autor principal: Krasicki, Ignacy (1735-1801)
Outros Autores: Sokolski, Jacek (wstęp i koment.)
Formato: Livro
Idioma:idioma desconhecido
Publicado em: Wrocław : Zakład Narodowy im. Ossolińskich, 1987.
Edição:Wyd. 2.
Colecção:Nasza Biblioteka
Tags: Adicionar Tag
Sem tags, seja o primeiro a adicionar uma tag!

MARC

LEADER 00000nam#a2200000#i#4500
001 9913517730005606
005 20260515140226.0
008 010920s1987 pl# 0 und
020 |a 8304024306 
035 |a 990000203070108206-48omnis_network 
035 |a (Aleph)000020307UOP01 
035 |a (PL)b0001280221653 
040 |a OP 002  |c OP 002 
080 |a 884-131 
090 |c 64  |d 63 
100 1 |a Krasicki, Ignacy  |d (1735-1801) 
245 1 0 |a Monachomachia /  |c Ignacy Krasicki ; wstęp i koment. Jacek Sokolski. 
250 |a Wyd. 2. 
260 |a Wrocław :  |b Zakład Narodowy im. Ossolińskich,  |c 1987. 
300 |a 56 s. ;  |c 21 cm. 
490 1 |a Nasza Biblioteka 
700 1 |a Sokolski, Jacek.  |e wstęp i koment. 
920 |a 83-04-02430-6 
942 |c K 
952 |0 0  |1 0  |4 0  |6 R__42_000000000000000  |7 0  |9 62  |a RYT  |b RYT  |d 2026-03-17  |e 1/2026  |g 10.00  |l 0  |o R.42  |p 2000000000428  |r 2026-05-15 14:02:26  |w 2026-05-15  |y BK  |z da 
999 |c 62  |d 62